| 000 | 00632nam a2200205 u 4500 | ||
|---|---|---|---|
| 005 | 20230605144614.0 | ||
| 008 | 180523s1983 r 000 0 eng d | ||
| 020 | _a9681613503 | ||
| 035 | _aUPN01000224928 | ||
| 049 | _aCG | ||
| 050 | 4 |
_aHD2346 C5 _bG6.2 |
|
| 100 | 1 |
_aGonzález Angulo Aguirre, Jorge _941944 |
|
| 245 | 1 | 0 |
_aArtesanado y ciudad a finales del siglo XVIII / _cJorge González Angulo Aguirre. |
| 260 |
_aMéxico : _bFCE, _c1983. |
||
| 300 |
_a248 p. : _bgráfs., mapas |
||
| 440 | 0 |
_aSEP/80 ; _v49 |
|
| 650 | 4 |
_aArtesanos _zCiudad de México _xHistoria _ySiglo XVIII _926901 |
|
| 905 | _aLibro | ||
| 999 |
_c197025 _d197025 |
||